000 00614nam a2200205Ia 4500
001 15079
003 GE_BSU
008 181216s||||||||xx |||||||||||||| ||und||
040 _cGE_BSU
080 _a821.353.1-2
100 _aშანშიაშვილი, სანდრო
245 _aპიესები
245 _cრედ:გ.ნატროშვილი;მხატვ:შ.ბერიტაშვილი
260 _aთბილისი
260 _bსახელგამი
260 _c1948
300 _a349გვ;22სმ
653 _aპიესები
942 _cBK
999 _c48197
_d48197